[Event "WCh Women 2017"]
[Site "masterchessopen.com Tehran IRI"]
[Date "2017.02.13"]
[Round "1.2"]
[White "Kashlinskaya,A"]
[Black "Cori T.,D"]
[Result "1-0"]
[WhiteElo "2418"]
[BlackElo "2422"]

1.d4 Nf6 2.c4 e6 3.Nf3 c5 4.d5 exd5 5.cxd5 d6 6.Nc3 a6 7.a4 g6 8.h3 Bg7 9.e4
O-O 10.Bd3 Qc7 11.O-O Nbd7 12.Bf4 Re8 13.Re1 b6 14.Bh2 Ne5 15.Bf1 Nxf3+
16.Qxf3 Nd7 17.Qg3 Be5 18.f4 Bd4+ 19.Kh1 Bb7 20.Bc4 Re7 21.e5 dxe5 22.Ne4 exf4
23.Qh4 Qd8 24.Ng5 Nf8 25.Rxe7 Qxe7 26.Bxf4 Bf6 27.Qg3 Qd7 28.d6 Bxg5 29.Bxg5
b5 30.Bf1 Ne6 31.Be7 Nd4 32.Re1 Re8 33.Qg4 Bc6 34.axb5 axb5 35.Qxd7 Bxd7
36.Ra1 Nf5 37.Ra7 Nxe7 38.Rxd7 Nf5 39.Bxb5 Kg7 40.g4 Re1+ 41.Kh2 Rb1 42.Bc4
Rxb2+ 43.Kg1 Ne3 44.Rxf7+ Kh6 45.d7 Rb8 46.Bb5 Kg5 47.Re7 Kf4 48.Re8 Rxb5
49.d8=Q Rb1+ 50.Kf2 Rb2+ 51.Ke1 Rb1+ 52.Ke2 Rb2+ 53.Kd3 c4+ 54.Kc3 Rb3+ 55.Kd2
c3+ 56.Kc1 c2 57.Qc7+ Kg5 58.Qe7+ Kh6 59.Qh4+ {#r} 1-0

[Event "WCh Women 2017"]
[Site "masterchessopen.com Tehran IRI"]
[Date "2017.02.13"]
[Round "1.3"]
[White "Harika,D"]
[Black "Shamima,A"]
[Result "1-0"]
[WhiteElo "2539"]
[BlackElo "2077"]
[EventType "rapid"]

1.Nf3 d5 2.e3 c5 3.b3 Nc6 4.Bb2 Bg4 5.Bb5 e6 6.h3 Bh5 7.Bxc6+ bxc6 8.d3 Nf6
9.Nbd2 Bd6 10.g4 Bg6 11.Ne5 Qc7 12.f4 d4 13.Ndc4 Nd5 14.Qf3 Bxe5 15.fxe5 Nxe3
16.Nxe3 Qxe5 17.O-O-O Qxe3+ 18.Qxe3 dxe3 19.Bxg7 Rg8 20.Bf6 Rb8 21.Rde1 Rb4
22.Rxe3 Rf4 23.Be5 Rf2 24.Rg1 Kd7 25.Bg3 Rf6 26.Re5 c4 27.bxc4 Ra8 28.Kd2 h5
29.Ke3 hxg4 30.hxg4 Bh7 31.Rh5 Bg8 32.Rb1 Rg6 33.Kf3 a6 34.Rb7+ Ke8 35.Bd6 f5
36.g5 Rc8 37.c5 e5 38.Re7+ Kd8 39.Rxe5 Bxa2 40.c4 Rg8 41.Rh7 Bb3 42.Ree7 Bd1+
43.Kf4 Ra8 44.Rd7+ Kc8 45.Rc7+ Kd8 46.Rhd7+ Ke8 47.Be5 a5 48.Re7+ Kd8 49.Bf6
{#r} 1-0

[Event "WCh Women 2017"]
[Site "masterchessopen.com Tehran IRI"]
[Date "2017.02.13"]
[Round "1.3"]
[White "Mona,K"]
[Black "Dzagnidze,N"]
[Result "1-0"]
[WhiteElo "2150"]
[BlackElo "2525"]
[EventType "rapid"]

1.d4 Nf6 2.Nf3 d5 3.Bf4 c5 4.e3 Nc6 5.c3 Qb6 6.Qb3 c4 7.Qc2 Bf5 8.Qc1 e6 9.h3
Be7 10.Nbd2 Ne4 11.Nxe4 Bxe4 12.Nd2 Bg6 13.Be2 O-O 14.h4 f6 15.h5 Bd3 16.Bxd3
cxd3 17.Nf3 Rfe8 18.O-O Rac8 19.Qd2 Qa6 20.Rfe1 Bf8 21.e4 dxe4 22.Rxe4 Na5
23.Ree1 Nc4 24.Qc1 Qb5 25.b3 Na3 26.Rd1 Nc2 27.c4 Qxh5 28.Rb1 Qf5 29.Qd2 e5
30.dxe5 fxe5 31.Bxe5 Rxe5 32.Nxe5 Qxe5 33.Qxd3 Nb4 34.Qh3 Rc7 35.Rd8 Rf7
36.Rbd1 Qf4 37.R1d2 Nc6 38.R8d7 Rf6 39.Qd3 Kh8 40.Qd5 h6 41.g3 Qb8 42.Rf7 Rd6
43.Rxf8+ Qxf8 44.Qxd6 Qf5 45.Qd3 Qf6 46.Re2 Qf7 47.Qe4 Qf6 48.Qd5 Qg6 49.Re6
Qb1+ 50.Kg2 Kh7 51.Re8 Qc2 52.Qg8+ {#r} 1-0

[Event "WCh Women 2017"]
[Site "masterchessopen.com Tehran IRI"]
[Date "2017.02.13"]
[Round "1.3"]
[White "Zhao Xue"]
[Black "Martinez,Ay"]
[Result "1-0"]
[WhiteElo "2505"]
[BlackElo "2234"]
[EventType "rapid"]

1.d4 Nf6 2.Bf4 g6 3.Nc3 d5 4.e3 Bg7 5.h4 c5 6.Nb5 Na6 7.c3 Bd7 8.a4 Qb6 9.Nf3
c4 10.b3 Bxb5 11.axb5 Qxb5 12.bxc4 dxc4 13.Ne5 Rc8 14.Bxc4 Rxc4 15.Qe2 Rc5
16.dxc5 Qxc5 17.O-O Nd5 18.Qa2 Nac7 19.Qxa7 Qxa7 20.Rxa7 O-O 21.c4 Nxf4
22.exf4 Ne6 23.Rxb7 Nxf4 24.Nc6 Bf6 25.Nxe7+ Kg7 26.g3 Ne6 27.Re1 Nc5 28.Rc7
Ne6 29.Rd7 Nc5 30.Rd6 Ra8 31.Nd5 Bb2 32.Re2 Ra1+ 33.Kg2 Ba3 34.Rc6 Nd3 35.Ra6
Nb2 36.Rc2 Nd3 37.Rc3 Ne1+ 38.Kh3 Ra2 39.Raxa3 Rxf2 40.c5 h6 41.c6 g5 42.hxg5
hxg5 43.g4 f5 44.gxf5 {#r} 1-0

[Event "WCh Women 2017"]
[Site "masterchessopen.com Tehran IRI"]
[Date "2017.02.13"]
[Round "1.3"]
[White "Hejazipour,M"]
[Black "Bodnaruk,A"]
[Result "1-0"]
[WhiteElo "2325"]
[BlackElo "2463"]
[EventType "rapid"]

1.d4 Nf6 2.Nf3 e6 3.g3 b5 4.Bg5 Bb7 5.Bg2 Be7 6.Nbd2 O-O 7.O-O d6 8.c3 Nbd7
9.a4 a6 10.axb5 axb5 11.Qb3 c6 12.e4 e5 13.h3 Qc7 14.Nh4 g6 15.Nhf3 Kg7
16.Rfe1 Nb6 17.Be3 Nfd7 18.Ng5 Bxg5 19.Bxg5 Ba6 20.Be3 Nc4 21.Nxc4 bxc4 22.Qc2
Bb5 23.Qd2 Rfd8 24.f4 f6 25.Red1 Ba4 26.Rf1 exd4 27.cxd4 Qa5 28.Qf2 Qb5 29.e5
f5 30.g4 Re8 31.gxf5 gxf5 32.d5 c5 33.Bd2 Qxb2 34.Qg3+ Kf8 35.Bc3 Qb7 36.e6
Nb6 37.Qg5 Qe7 38.Bf6 Qb7 39.Qh6+ Kg8 40.Rf3 Bd1 41.Rxd1 {#r} 1-0

[Event "WCh Women 2017"]
[Site "masterchessopen.com Tehran IRI"]
[Date "2017.02.13"]
[Round "1.3"]
[White "Guramishvili,S"]
[Black "Khademalsharieh,S"]
[Result "1-0"]
[WhiteElo "2357"]
[BlackElo "2452"]
[EventType "rapid"]

1.d4 Nf6 2.c4 e6 3.Nc3 Bb4 4.f3 Nc6 5.a3 Bxc3+ 6.bxc3 e5 7.e4 d6 8.Be3 O-O
9.Bd3 b6 10.Ne2 Na5 11.Ng3 Ne8 12.O-O Ba6 13.Qe2 Qd7 14.f4 c5 15.Nf5 exd4
16.cxd4 Nb3 17.Rab1 cxd4 18.Rxb3 dxe3 19.Qxe3 Qc7 20.Kh1 Qc5 21.Qh3 g6 22.Be2
Qc7 23.Nh6+ Kg7 24.f5 Qe7 25.Ng4 Qg5 26.Rg3 Qd2 27.Bd3 Rc8 28.Qh4 Bxc4 29.Bxc4
Rxc4 30.fxg6 h6 31.Ne3 {#r} 1-0

[Event "WCh Women 2017"]
[Site "masterchessopen.com Tehran IRI"]
[Date "2017.02.13"]
[Round "1.3"]
[White "Charochkina,D"]
[Black "Huang Qian"]
[Result "0-1"]
[WhiteElo "2383"]
[BlackElo "2451"]
[EventType "rapid"]

1.d4 d5 2.c4 c6 3.Nc3 Nf6 4.Nf3 dxc4 5.a4 Bf5 6.Nh4 e6 7.Nxf5 exf5 8.e3 Bb4
9.Bxc4 Nbd7 10.Qc2 g6 11.O-O O-O 12.f3 Rc8 13.Kh1 c5 14.Ba2 a6 15.Bd2 Qe7
16.Rae1 Qd6 17.Rd1 cxd4 18.exd4 Kg7 19.Rfe1 Qb6 20.d5 Rfe8 21.Qd3 Bd6 22.Bc1
Qb4 23.g3 h5 24.Kg2 h4 25.Bb1 Rh8 26.Ne2 Ne5 27.Qe3 Rce8 28.Nd4 hxg3 29.hxg3
Nxf3 30.Qxf3 Rxe1 31.Nc2 Rxd1 32.Nxb4 Rxc1 33.Bd3 Ng4 {#R} 0-1

[Event "WCh Women 2017"]
[Site "masterchessopen.com Tehran IRI"]
[Date "2017.02.13"]
[Round "1.3"]
[White "Atalik,E"]
[Black "Melia,S"]
[Result "0-1"]
[WhiteElo "2435"]
[BlackElo "2394"]
[EventType "rapid"]

1.d4 Nf6 2.c4 e6 3.Nf3 d5 4.Nc3 Be7 5.Bf4 O-O 6.e3 b6 7.Rc1 c5 8.dxc5 bxc5
9.Be2 Nc6 10.cxd5 Nxd5 11.Nxd5 exd5 12.O-O Be6 13.Bb5 Qb6 14.Qa4 Rac8 15.Rfd1
h6 16.h3 Rfd8 17.Ba6 Ra8 18.Bb5 Rac8 19.Qa6 Bd6 20.Bxd6 Rxd6 21.a3 Na5 22.Qxb6
Rxb6 23.a4 a6 24.Bf1 c4 25.e4 dxe4 26.Nd4 Rxb2 27.Nxe6 fxe6 28.Re1 c3 29.Bxa6
Rc7 {#R} 0-1

[Event "WCh Women 2017"]
[Site "masterchessopen.com Tehran IRI"]
[Date "2017.02.13"]
[Round "1.3"]
[White "Khotenashvili,B"]
[Black "Zimina,O"]
[Result "0-1"]
[WhiteElo "2430"]
[BlackElo "2401"]
[EventType "rapid"]

1.d4 d5 2.c4 c6 3.Nf3 Nf6 4.Nc3 dxc4 5.a4 e6 6.e4 Bb4 7.e5 Nd5 8.Bd2 b5 9.axb5
Bxc3 10.bxc3 cxb5 11.Ng5 Bb7 12.Qh5 Qe7 13.Be2 h6 14.Bf3 O-O 15.Ne4 f5 16.Nc5
Kh7 17.Nxb7 Qxb7 18.g4 a5 19.Rg1 Qf7 20.Qxf7 Rxf7 21.gxf5 Rxf5 22.Be4 Nc6
23.Bxf5+ exf5 24.Ke2 Re8 25.f4 b4 26.Rg3 bxc3 27.Bxc3 Nxf4+ 28.Ke3 Nd5+ 29.Kd2
f4 30.Rg4 g5 31.h4 Ne3 32.Rgg1 Kg6 33.Rab1 Kf5 34.Rb6 Re6 35.Rb5 Ne7 36.Ke2 g4
37.Bd2 Nc2 38.Bc3 Ne3 39.Bxa5 N7d5 40.Kd2 Ke4 41.Bc3 Ra6 42.Ra5 Rb6 43.Ba1 g3
44.Ra8 f3 45.Rxg3 Nf1+ 46.Kc2 Nxg3 47.Rf8 Nf5 48.Kd2 Rb1 {#R} 0-1

[Event "WCh Women 2017"]
[Site "masterchessopen.com Tehran IRI"]
[Date "2017.02.13"]
[Round "1.4"]
[White "Dzagnidze,N"]
[Black "Mona,K"]
[Result "1-0"]
[WhiteElo "2525"]
[BlackElo "2150"]
[EventType "rapid"]

1.Nf3 d5 2.d4 e6 3.c4 Nf6 4.Nc3 c6 5.e3 Bd6 6.b3 Nbd7 7.Bb2 Ne4 8.Bd3 f5 9.O-O
Qf6 10.Ne2 O-O 11.Rc1 g5 12.Bxe4 fxe4 13.Nd2 g4 14.Qe1 Qg5 15.Ng3 Nf6 16.f4
Qg6 17.Nb1 Rf7 18.Ba3 Bc7 19.Nc3 h5 20.Nge2 b6 21.Qh4 Bb7 22.Ng3 Qh6 23.cxd5
cxd5 24.Nb5 Bd8 25.Nd6 Rh7 26.Nxb7 Rxb7 27.Rc6 Kf7 28.f5 Qxe3+ 29.Kh1 Qh6
30.fxe6+ Kg8 31.e7 Rxe7 32.Bxe7 Bxe7 33.Nf5 Qh7 34.Nxe7+ Qxe7 35.Rcxf6 {#r}
1-0

[Event "WCh Women 2017"]
[Site "masterchessopen.com Tehran IRI"]
[Date "2017.02.13"]
[Round "1.4"]
[White "Martinez,Ay"]
[Black "Zhao Xue"]
[Result "0-1"]
[WhiteElo "2234"]
[BlackElo "2505"]
[EventType "rapid"]

1.e4 e6 2.d3 d5 3.Nd2 c5 4.g3 Nc6 5.Bg2 h5 6.Ngf3 Be7 7.h4 Nf6 8.O-O Ng4 9.Re1
d4 10.e5 Qc7 11.Qe2 Bd7 12.a4 Nb4 13.Nc4 Bc6 14.Bg5 O-O 15.c3 dxc3 16.bxc3 Nd5
17.Qb2 b6 18.Ncd2 f6 19.exf6 gxf6 20.c4 fxg5 21.cxd5 Bf6 22.d4 Bxd5 23.hxg5
Bxg5 24.Ne4 Bh6 25.Qc2 Rac8 26.Rab1 cxd4 27.Qd1 Qc2 28.Qxd4 Rc4 29.Rb2 Rxd4
30.Rxc2 Rxe4 {#R} 0-1

[Event "WCh Women 2017"]
[Site "masterchessopen.com Tehran IRI"]
[Date "2017.02.13"]
[Round "1.4"]
[White "Buksa,N"]
[Black "Hoang Thanh Trang"]
[Result "1-0"]
[WhiteElo "2302"]
[BlackElo "2463"]
[EventType "rapid"]

1.e4 e6 2.d4 d5 3.Nd2 Be7 4.Ngf3 Nf6 5.e5 Nfd7 6.Bd3 c5 7.c3 b6 8.Qe2 Nc6
9.O-O cxd4 10.cxd4 Nb4 11.Bb5 a6 12.Ba4 b5 13.Bb3 Bb7 14.Rd1 Qb6 15.Nf1 a5
16.a3 Nc6 17.Ng3 Ba6 18.Qe3 a4 19.Ba2 b4 20.axb4 Nxb4 21.Bb1 Bc4 22.Bd2 Nc6
23.Bc3 Bb3 24.Rc1 Na5 25.Bxa5 Qxa5 26.Nd2 Bc4 27.Nxc4 dxc4 28.Rxc4 Nb6 29.Rc1
Nd5 30.Qf3 O-O 31.Be4 Rfd8 32.Rd1 Qb4 33.Nh5 Rab8 34.Bxh7+ Kxh7 35.Qxf7 Rg8
36.Ra3 Bg5 37.Rh3 Bh6 38.Qxe6 Ne7 39.Nxg7 Ng6 40.Nf5 Rh8 {#r} 1-0

[Event "WCh Women 2017"]
[Site "masterchessopen.com Tehran IRI"]
[Date "2017.02.13"]
[Round "1.4"]
[White "Bodnaruk,A"]
[Black "Hejazipour,M"]
[Result "1-0"]
[WhiteElo "2463"]
[BlackElo "2325"]
[EventType "rapid"]

1.e4 c5 2.Nf3 d6 3.d4 cxd4 4.Nxd4 Nf6 5.Nc3 a6 6.Bg5 Nbd7 7.Bc4 Qb6 8.Bb3 e6
9.Qd2 Be7 10.O-O-O Nc5 11.f3 Qc7 12.h4 Bd7 13.Kb1 b5 14.Rhe1 O-O 15.a3 Rab8
16.f4 Qb7 17.e5 dxe5 18.fxe5 Nfe4 {#r} 1-0

[Event "WCh Women 2017"]
[Site "masterchessopen.com Tehran IRI"]
[Date "2017.02.13"]
[Round "1.4"]
[White "Khademalsharieh,S"]
[Black "Guramishvili,S"]
[Result "0-1"]
[WhiteElo "2452"]
[BlackElo "2357"]
[EventType "rapid"]

1.d4 d5 2.Bf4 c5 3.c3 Nc6 4.e3 e6 5.Nd2 Bd6 6.Bxd6 Qxd6 7.f4 cxd4 8.cxd4 Nge7
9.Ngf3 Nf5 10.Kf2 f6 11.Bd3 Bd7 12.Qb1 Nb4 13.Bxf5 exf5 14.a3 Nc6 15.b4 O-O
16.h4 Nd8 17.Qd3 Nf7 18.Rac1 Rac8 19.Nb3 b6 20.Qa6 Nh6 21.Nh2 Qb8 22.Nd2 Nf7
23.Qe2 Nh6 24.Qf3 Qd6 25.Qe2 Rfe8 26.Qd3 Nf7 27.Qb3 Qe6 28.Rhg1 h5 29.Rge1 Nd6
30.Nhf1 g6 31.a4 Kg7 32.Nh2 Bxa4 33.Qxa4 Rxc1 34.Rxc1 Qxe3+ 35.Kf1 Qxd2
36.Rc7+ Kf8 37.Nf3 Qe2+ 38.Kg1 Qe3+ 39.Kh1 Ne4 40.Qd7 Nf2+ 41.Kh2 Qe7 42.Rxa7
Qxd7 43.Rxd7 Nd3 44.Rxd5 Re6 45.Kg3 Nxb4 46.Rb5 Nc2 47.Rb2 Ne3 48.Rb3 Nd5
49.Rb5 Rd6 50.Nd2 Nc3 51.Rb3 Ne2+ 52.Kf2 Nxd4 53.Ra3 Nb5 54.Ra8+ Kf7 55.Ke3
Re6+ 56.Kf3 Nd4+ 57.Kg3 Ne2+ 58.Kf3 Nd4+ 59.Kg3 Ne2+ 60.Kf3 {#R} 0-1

[Event "WCh Women 2017"]
[Site "masterchessopen.com Tehran IRI"]
[Date "2017.02.13"]
[Round "1.4"]
[White "Huang Qian"]
[Black "Charochkina,D"]
[Result "1-0"]
[WhiteElo "2451"]
[BlackElo "2383"]
[EventType "rapid"]

1.Nf3 f5 2.c4 e6 3.g3 Nf6 4.Bg2 d5 5.O-O d4 6.e3 c5 7.exd4 cxd4 8.d3 Be7 9.Re1
Nc6 10.Bf4 O-O 11.Nbd2 Nh5 12.Be5 g5 13.Nb3 g4 14.Nfxd4 Nxe5 15.Rxe5 Bf6
16.Nxe6 Qe7 17.Re3 Bxe6 18.Rxe6 Qg7 19.Qe2 f4 20.Bd5 Kh8 21.Qe4 Bxb2 22.Rb1
fxg3 23.hxg3 Bc3 24.Qe2 Nf6 25.Bg2 a5 26.Nc5 Bd4 27.Rxb7 Qg5 28.Nb3 Bc3 29.Rb5
Qg8 30.Bxa8 Rxa8 31.a4 Rf8 32.Rf5 h5 33.d4 Qg6 34.Qe5 Kg7 35.Rg5 {#r} 1-0

[Event "WCh Women 2017"]
[Site "masterchessopen.com Tehran IRI"]
[Date "2017.02.13"]
[Round "1.4"]
[White "Savina,A"]
[Black "Socko,M"]
[Result "1-0"]
[WhiteElo "2377"]
[BlackElo "2455"]
[EventType "rapid"]

1.Nf3 Nf6 2.c4 e6 3.Nc3 Bb4 4.Qc2 O-O 5.a3 Bxc3 6.Qxc3 d6 7.d4 b6 8.e3 Bb7
9.Bd3 Nbd7 10.b4 c5 11.Bb2 cxd4 12.exd4 Bxf3 13.gxf3 Rc8 14.Qd2 Nh5 15.Rg1 Qf6
16.O-O-O Qf4 17.Qe3 Ndf6 18.Kb1 Rfe8 19.Bc1 Qxe3 20.fxe3 e5 21.e4 Nd7 22.c5
exd4 23.Bb5 Red8 24.cxd6 {#r} 1-0

[Event "WCh Women 2017"]
[Site "masterchessopen.com Tehran IRI"]
[Date "2017.02.13"]
[Round "1.4"]
[White "Zimina,O"]
[Black "Khotenashvili,B"]
[Result "1-0"]
[WhiteElo "2401"]
[BlackElo "2430"]
[EventType "rapid"]

1.d4 g6 2.e4 Bg7 3.Nc3 d6 4.f4 Nd7 5.Nf3 e6 6.Be2 Ne7 7.O-O O-O 8.Be3 a6 9.Bf2
b5 10.e5 Bb7 11.Qd3 Nb6 12.Bh4 Qd7 13.a4 Nf5 14.Bf2 bxa4 15.Ng5 d5 16.g4 Ne7
17.Qh3 h6 18.Nf3 Rac8 19.Bd3 Nc6 20.f5 exf5 21.gxf5 Nb4 22.Be3 Nxd3 23.cxd3
Qxf5 24.Qxf5 gxf5 25.Nh4 Rfe8 26.Nxf5 Re6 27.Kf2 Bf8 28.Nxa4 Nxa4 29.Rxa4 Rb6
30.Ra2 Rb8 31.Bc1 Bc8 32.Ne3 Be6 33.Rg1+ Kh7 34.Ra5 c6 35.Ng4 Bg7 36.Rc5 Rg8
37.Ne3 Bf8 38.Rxg8 Kxg8 39.Rc2 a5 40.Kf3 h5 41.Rg2+ Kh7 42.Rg5 Rb3 43.Ke2 h4
44.Nf5 h3 45.Rh5+ Kg6 46.Rg5+ Kh7 47.Rh5+ Kg8 48.Rg5+ Kh7 49.Rh5+ Bh6 50.Rxh6+
Kg8 51.Ne7+ Kg7 52.Rh4 Kf8 53.Nxc6 Ke8 54.Nxa5 Rb5 55.Bd2 Rxb2 56.Rf4 Kd7
57.Rf1 Rb8 58.Rg1 Rb2 59.Ke3 Kc7 60.Rc1+ Kb6 61.Nc6 Rb3 62.Nb4 Kb5 63.Rc5+ Ka4
64.Nxd5 Rb8 65.Nc3+ Ka3 66.Ra5+ Kb4 67.Ne4+ Kb3 68.Nc5+ Kc2 69.Nxe6 fxe6
70.Rc5+ Kb2 71.Ke4 Rg8 72.Bf4 Rg1 {#r} 1-0

[Event "WCh Women 2017"]
[Site "masterchessopen.com Tehran IRI"]
[Date "2017.02.13"]
[Round "1.5"]
[White "Dzagnidze,N"]
[Black "Mona,K"]
[Result "1-0"]
[WhiteElo "2525"]
[BlackElo "2150"]
[EventType "rapid"]

1.c4 e6 2.Nf3 d5 3.g3 Nf6 4.Bg2 c6 5.b3 Bd6 6.Nc3 Qe7 7.O-O a6 8.d4 O-O 9.Bf4
Bb4 10.Qc2 Nh5 11.Bg5 f6 12.Bd2 Bd6 13.e4 dxc4 14.e5 fxe5 15.dxe5 Bc7 16.Qe4
g6 17.Qxc4 b5 18.Qe2 Bb7 19.Bh6 Ng7 20.Ne4 Nd7 21.Rac1 Nxe5 22.Nc5 Nxf3+
23.Bxf3 Bc8 24.Bxc6 Ra7 25.Ne4 Bb6 26.Bg5 Qf7 27.Bf6 Nh5 28.Be5 Bd7 29.Rfd1
Bxc6 30.Rxc6 Bd8 31.Qg4 Nf6 32.Bxf6 Bxf6 33.Qxe6 Qxe6 34.Rxe6 Bg7 35.Rdd6 Rfa8
36.Kg2 a5 37.Rb6 b4 38.Nd6 Bd4 39.Rc6 Rd7 40.Nc4 a4 41.Rcd6 Rxd6 42.Rxd6 Bc3
43.Rd7 a3 44.Ne3 Re8 45.Kf3 Re5 46.Ke2 Rc5 47.Kd3 Rh5 48.h4 Re5 49.Nd5 Be1
50.Nf6+ Kf8 51.Nxh7+ Ke8 52.Nf6+ Kf8 53.Ne4 Ke8 54.Rd4 {#r} 1-0

[Event "WCh Women 2017"]
[Site "masterchessopen.com Tehran IRI"]
[Date "2017.02.13"]
[Round "1.6"]
[White "Mona,K"]
[Black "Dzagnidze,N"]
[Result "0-1"]
[WhiteElo "2150"]
[BlackElo "2525"]
[EventType "rapid"]

1.d4 Nf6 2.Nf3 d5 3.Bf4 c5 4.e3 Nc6 5.c3 Qb6 6.Qb3 c4 7.Qc2 Bf5 8.Qc1 e6 9.h3
Be7 10.Nbd2 h6 11.Be2 O-O 12.g4 Bd3 13.Bxd3 cxd3 14.O-O Ne4 15.Ne1 Qa6 16.f3
Nd6 17.Qb1 Nc4 18.Rf2 Bh4 19.Rh2 g5 20.Nxc4 dxc4 21.Bd6 Rfe8 22.Ba3 e5 23.d5
Ne7 24.d6 Nd5 25.Rd2 Qb6 26.Ng2 Nxe3 27.Kh2 e4 28.fxe4 Rxe4 29.Qg1 Rae8 30.b3
Qa5 31.bxc4 Qxa3 32.Rxd3 Nxg2 33.Kxg2 Qb2+ 34.Kh1 Qc2 35.Rf3 Re1 36.Rf1 Rxa1
37.Rxa1 Re2 38.d7 Qe4+ {#R} 0-1

[Event "WCh Women 2017"]
[Site "masterchessopen.com Tehran IRI"]
[Date "2017.02.13"]
[Round "1.5"]
[White "Bodnaruk,A"]
[Black "Hejazipour,M"]
[Result "0-1"]
[WhiteElo "2463"]
[BlackElo "2325"]
[EventType "rapid"]

1.e4 e5 2.Nf3 Nf6 3.Nc3 Nc6 4.Bb5 Bb4 5.O-O O-O 6.d3 d6 7.Bg5 Bxc3 8.bxc3 h6
9.Bh4 Bg4 10.h3 Bh5 11.g4 Bg6 12.Qe2 a6 13.Bxc6 bxc6 14.Rab1 Re8 15.Nd2 Bh7
16.Bxf6 Qxf6 17.Rb7 Qe7 18.Rfb1 d5 19.c4 Qd6 20.Qe3 Bg6 21.a4 Rec8 22.cxd5
cxd5 23.exd5 Qxd5 24.R1b3 h5 25.Ne4 hxg4 26.hxg4 Qd7 27.f3 Qxa4 28.Nc5 Qa1+
29.Kg2 a5 30.Nd7 a4 31.Rb1 Qc3 32.Qc5 Qd2+ 33.Qf2 Qf4 34.R7b4 Qg5 35.Qc5 a3
36.Nxe5 a2 37.Ra1 Re8 38.f4 Qh4 39.Qf2 Qe7 40.Rb2 Qe6 41.c4 Bh7 42.g5 f6 43.g6
fxe5 44.gxh7+ Kh8 45.f5 Qc6+ 46.Qf3 e4 47.dxe4 Rxe4 48.Raxa2 Rxa2 49.Rxa2 Rg4+
50.Kf2 Qc5+ 51.Ke1 Rg1+ 52.Kd2 Qd4+ 53.Kc2 Qxc4+ 54.Kb2 Qb4+ 55.Kc2 Qb1+
56.Kc3 Qxa2 {#R} 0-1

[Event "WCh Women 2017"]
[Site "masterchessopen.com Tehran IRI"]
[Date "2017.02.13"]
[Round "1.6"]
[White "Hejazipour,M"]
[Black "Bodnaruk,A"]
[Result "0-1"]
[WhiteElo "2325"]
[BlackElo "2463"]
[EventType "rapid"]

1.d4 Nf6 2.Nf3 g6 3.c4 Bg7 4.g3 O-O 5.Bg2 d6 6.O-O Nc6 7.Nc3 a6 8.b3 Rb8 9.d5
Na5 10.Bd2 c5 11.dxc6 Nxc6 12.Rc1 Bd7 13.Bg5 b5 14.Nd5 Ne4 15.cxb5 axb5 16.Bd2
Nxd2 17.Qxd2 b4 18.e3 e6 19.Nf4 d5 20.Ne2 Qe7 21.Rfd1 f5 22.Ned4 Rb6 23.Rc2
Nb8 {#R} 0-1

[Event "WCh Women 2017"]
[Site "masterchessopen.com Tehran IRI"]
[Date "2017.02.13"]
[Round "1.7"]
[White "Bodnaruk,A"]
[Black "Hejazipour,M"]
[Result "0-1"]
[WhiteElo "2463"]
[BlackElo "2325"]
[EventType "blitz"]

1.e4 e5 2.Nf3 Nf6 3.Nxe5 d6 4.Nf3 Nxe4 5.Nc3 Nf6 6.d4 Be7 7.h3 O-O 8.Bd3 Re8
9.O-O b6 10.Ne2 Bb7 11.Ng3 g6 12.c4 Nbd7 13.b3 Bf8 14.Bg5 Bg7 15.Qd2 Bxf3
16.gxf3 c5 17.d5 Ne5 18.Be2 Qe7 19.Rae1 Qf8 20.f4 Ned7 21.f5 h6 22.Bf4 g5
23.Be3 Ne4 24.Nxe4 Rxe4 25.Bf3 Ree8 26.Kg2 a6 27.a4 Ne5 28.Bd1 Qe7 29.f4 gxf4
30.Bxf4 Qf6 31.Bg3 Kh8 32.Rf4 Qg5 33.Kh2 Qd8 34.Bh4 Bf6 35.Bg3 Bg5 36.f6 Ng6
37.Rxe8+ Qxe8 38.Qf2 Nxf4 39.Bxf4 Bxf4+ 40.Qxf4 Qe5 41.Qxe5 dxe5 42.Bg4 Rd8
43.Kg3 Rd6 44.Kf3 Rxf6+ 45.Ke4 Rf1 46.Kxe5 Re1+ 47.Kf6 Kg8 48.d6 Kf8 49.d7
Rf1+ 50.Ke5 Ke7 51.a5 bxa5 52.Kd5 f5 53.Bh5 Kxd7 54.Kxc5 f4 55.Kd4 Rb1 56.Bg4+
Kc7 57.Kc3 Kd6 58.Kd4 Rxb3 59.c5+ Kc7 60.Ke4 a4 61.Be6 Re3+ {#R} 0-1

[Event "WCh Women 2017"]
[Site "masterchessopen.com Tehran IRI"]
[Date "2017.02.13"]
[Round "1.8"]
[White "Hejazipour,M"]
[Black "Bodnaruk,A"]
[Result "0-1"]
[WhiteElo "2325"]
[BlackElo "2463"]
[EventType "blitz"]

1.d4 d6 2.Nf3 g6 3.g3 Bg7 4.Bg2 f5 5.O-O Nf6 6.c4 O-O 7.Nc3 c6 8.d5 Kh8 9.Qd3
Bd7 10.Nd4 c5 11.Ne6 Bxe6 12.dxe6 Nc6 13.Nd5 Qc8 14.h4 Rb8 15.Nf4 Nd4 16.h5
Nxh5 17.Nxh5 gxh5 18.Bg5 Qxe6 19.e3 Nc6 20.Rab1 Ne5 21.Qd5 Qxd5 22.Bxd5 e6
23.Bg2 Nxc4 24.Rfd1 d5 25.b3 Na3 26.Rbc1 b6 27.Rd2 Nb5 28.Bf3 Rb7 29.Bxh5 Nd6
30.f3 Nf7 31.Bh4 d4 32.exd4 Bxd4+ 33.Rxd4 cxd4 34.Bf6+ Kg8 35.Bxd4 Rd7 36.Bf2
Rfd8 37.Kg2 e5 38.a4 Nd6 39.g4 f4 40.Bh4 Rc8 41.Rd1 Rcc7 42.g5 Nf5 43.Rxd7
Nxh4+ 44.Kh3 Rxd7 45.Kxh4 a5 46.Bg4 Rd3 47.Be6+ Kg7 48.Kg4 Re3 49.Bd5 Rd3
50.Bc4 Rc3 51.Bd5 h6 52.gxh6+ Kxh6 53.Kf5 Re3 54.Kg4 Kg6 55.Bc4 Kf6 56.Bd5 Ke7
57.Kf5 Kd6 {#R} 0-1

[Event "WCh Women 2017"]
[Site "masterchessopen.com Tehran IRI"]
[Date "2017.02.13"]
[Round "1.9"]
[White "Bodnaruk,A"]
[Black "Hejazipour,M"]
[Result "1-0"]
[WhiteElo "2463"]
[BlackElo "2325"]
[EventType "blitz"]

1.e4 e5 2.Bc4 Nf6 3.d3 c6 4.Nf3 Be7 5.O-O d6 6.c3 O-O 7.Bb3 Bg4 8.h3 Bh5
9.Nbd2 Nbd7 10.Re1 Re8 11.Nf1 Bf8 12.Ng3 Bg6 13.Be3 d5 14.Bc2 Bd6 15.Qe2 Qc7
16.Rad1 a5 17.Nh4 Nf8 18.Nhf5 Ne6 19.Nxd6 Qxd6 20.Nf5 Qc7 21.Qf3 Rad8 22.Bb3
Bh5 23.g4 Bg6 24.Bc2 c5 25.Ba4 Rf8 26.Bc1 d4 27.c4 Ne8 28.h4 f6 29.Qg3 Nd6
30.Kh1 Be8 31.Bxe8 Rdxe8 32.Rf1 Nf7 33.Rg1 Nf4 34.Qf3 Nd6 35.Ng3 Nf7 36.Nf5 g6
37.Ng3 Nd8 38.Nf1 Nde6 39.Rg3 Kf7 40.Nh2 Ke7 41.Nf1 Kd8 42.Re1 Rh8 43.Kg1 Kc8
44.Qd1 Kb8 45.a3 h5 46.g5 fxg5 47.hxg5 h4 48.Rg4 h3 49.Kh2 Qe7 50.Ng3 Ref8
51.Rf1 Nxg5 52.f3 Nfe6 53.b4 axb4 54.axb4 cxb4 55.Bd2 Qf6 56.Qe2 Nxf3+ 57.Kh1
h2 58.Rf2 g5 59.Rf1 {#r} 1-0

[Event "83rd ch-BRA 2017"]
[Site "masterchessopen.com Rio de Janeiro BRA"]
[Date "2017.02.13"]
[Round "10.1"]
[White "Fier,A"]
[Black "Macedo,MIa"]
[Result "1-0"]
[WhiteElo "2581"]
[BlackElo "2366"]

1.c4 e6 2.Nf3 Nf6 3.g3 d5 4.Bg2 dxc4 5.Qa4+ Bd7 6.Qxc4 c5 7.Qc2 Nc6 8.O-O Rc8
9.d3 Be7 10.a3 O-O 11.e3 Nd5 12.Nbd2 b5 13.b3 f6 14.Bb2 Be8 15.Rad1 Nb6 16.Ne4
Nd7 17.Qe2 Qc7 18.d4 cxd4 19.exd4 b4 20.axb4 Bxb4 21.Rc1 Bf7 22.Nfd2 Qb6
23.Nc4 Qb8 24.Ra1 e5 25.Bh3 Rcd8 26.Bxd7 Rxd7 27.Nxf6+ {#r} 1-0

[Event "83rd ch-BRA 2017"]
[Site "masterchessopen.com Rio de Janeiro BRA"]
[Date "2017.02.13"]
[Round "10.5"]
[White "Carneiro,Vitor Roberto Castro"]
[Black "Pinto,C"]
[Result "1-0"]
[WhiteElo "2426"]
[BlackElo "2121"]

1.c4 f5 2.g3 Nf6 3.Bg2 g6 4.Nc3 Bg7 5.e3 O-O 6.Nge2 d6 7.O-O c6 8.d3 Qe8 9.e4
e5 10.h3 Na6 11.Be3 Nh5 12.Qd2 Nc5 13.f4 Ne6 14.Rf2 exf4 15.gxf4 Qe7 16.Raf1
Bd7 17.d4 fxe4 18.Nxe4 Rae8 19.d5 cxd5 20.cxd5 Nc5 21.Bxc5 dxc5 22.d6 Qh4
23.Nxc5 Bxh3 24.d7 Bxg2 25.Rxg2 Rxe2 26.Rxe2 Ng3 27.Qd5+ Kh8 28.Re8 Qg4
29.Rxf8+ Bxf8 30.Qe5+ {#r} 1-0

[Event "83rd ch-BRA 2017"]
[Site "masterchessopen.com Rio de Janeiro BRA"]
[Date "2017.02.13"]
[Round "10.6"]
[White "Souza Neves,A"]
[Black "Quintiliano Pinto,R"]
[Result "0-1"]
[WhiteElo "2218"]
[BlackElo "2491"]

1.d4 d5 2.c4 e6 3.cxd5 exd5 4.Nc3 c6 5.Nf3 Nf6 6.Qc2 Be7 7.Bg5 g6 8.e3 Bf5
9.Bd3 Bxd3 10.Qxd3 Nbd7 11.h4 h5 12.O-O-O O-O 13.Nh2 Re8 14.f3 b5 15.Kb1 Nb6
16.e4 dxe4 17.fxe4 b4 18.Bxf6 bxc3 19.Bxe7 Qxe7 20.e5 Rab8 21.b3 Nd5 22.Rc1 a5
23.g4 a4 24.gxh5 axb3 25.e6 bxa2+ 26.Ka1 Rb1+ 27.Rxb1 axb1=R+ 28.Kxb1 Qb4+
29.Kc1 Qb2+ 30.Kd1 c2+ {#R} 0-1